| 000 | 01034nam a2200265 a 4500 | ||
|---|---|---|---|
| 001 | 000045378 | ||
| 005 | 20201002050118.0 | ||
| 008 | 150305s2014 dr 000 0 spa d | ||
| 020 | _a9789945581324 | ||
| 040 |
_aDO-SdBNP _bspa _cBNPHU |
||
| 082 |
_axxxx _bxxxx |
||
| 100 | 1 |
_aEllis, Marc H. _973414 |
|
| 245 | 1 | 0 |
_aHacia una teología judía de la liberación / _cMarc H. Ellis ; edición, traducción y prólogo María del Mar Rosa- Rodríguez. |
| 250 | _a2a ed. | ||
| 260 |
_aSanto Domingo : _aSan Juan, Puerto Rico : _bIsla Negra, _c2014. |
||
| 300 |
_a272 p. ; _c22 cm. |
||
| 490 | 1 | _aVisiones y cegueras | |
| 490 | 1 | _aUna fe que busca entendimiento | |
| 500 | _aEdición especial 25 aniversario 1988-2014 | ||
| 500 | _aIncluye referencias bibliográficas y notas al pie de las páginas | ||
| 500 | _aIncluye datos biográficos del autor en la solapa de la cubierta. | ||
| 700 | 1 | 2 |
_aRosa Rodríguez, María del Mar, _eed. _973415 |
| 830 | 0 |
_aVisiones y cegueras _91120 |
|
| 830 | 0 |
_aUna fe que busca entendimiento _973416 |
|
| 999 |
_c44867 _d44867 |
||